| 000 | 00583cam a2200217 4500 | ||
|---|---|---|---|
| 001 | A337 | ||
| 008 | 090401t1990 xxu||||| |||| 00| 0 eng d | ||
| 035 | _a(Sirsi) u95388 | ||
| 041 | _aeng | ||
| 110 |
_aRoyal Institution of Chartered Surveyors _94900 |
||
| 245 | _aEnterprise and New Towns (Scotland) Bill | ||
| 260 |
_bRICS _c1990 |
||
| 300 | _a2p | ||
| 350 | _a3 | ||
| 490 |
_aRICS Memorandum _vGCPPA/Report(90)1 |
||
| 520 | _aRICS comments on the Bill. | ||
| 690 | _aPLANNING LAW AND PRACTICE | ||
| 690 | _aPROPERTY LAW AND PRACTICE | ||
| 942 | _n0 | ||
| 948 | _c04/03/1997 | ||
| 999 |
_c98470 _d98470 |
||